000 00491nam a2200169Ia 4500
003 SGT
020 _a9780070262157
082 _a535
_bGHA
100 _aGhatak,Ajay
245 _aOptics
250 _a4th Ed.
260 _bTata McGraw Hill Education Private Limited
_aNew Delhi
_c2008
300 _aV.P.p.
650 _aLIGHT AND RELATED RADIATION
700 _aHISTORY OF OPTICS GEOMETRICAL OPTICS,VIBRATIONS AND WAVES,INTERFERENCE,DIFFRACTION,ELECTROMAGNETIC OF LIGHT
942 _2ddc
_cBK
999 _c5132
_d5132